000 00552nam a2200181Ia 4500
005 20250423095113.0
008 250422s9999 xx 000 0 und d
020 _a9783854577
050 _aJK 2261 .I27/
100 _aIbrahim, Sheriff Ghali
245 0 _aDynamics of political parties: The Communist Party of China (CPC) and Peoples Democratic Party of Nigeria (PDP)
260 _aAbuja
260 _bGalaxy Nigeria Limited
260 _c2012
300 _a360 p
650 _aPolitical Parties--Chain Political Parties--Nigeria
942 _cBK
999 _c29251
_d29251